[Event "2 Bundesliga Mitte 2007/2008"]
[Site "Leoben"]
[Date "2008.01.27"]
[Round "7"]
[Board "1"]
[White "Sommerbauer, Norbert"]
[Black "Kovacevic, Blazimir"]
[Result "1/2-1/2"]
[WhiteElo "2474"]
[BlackElo "2482"]
[PlyCount "33"]
[EventDate "2007.10.13"]
[EventType "team"]
[EventRounds "11"]
[EventCountry "AUT"]
[WhiteTeam "SpG VOecklabruck"]
[BlackTeam "SpG Raika Alpine Trofaiach"]

1.e4 d6 2.d4 Nf6 3.Nc3 Nbd7 4.Nf3 e5 5.Bc4 Be7 6.O-O O-O 7.Re1 c6 8.a4 b6 9.d5
cxd5 10.Nxd5 Bb7 11.b3 Rc8 12.Re2 Nc5 13.Nxf6+ Bxf6 14.Bd5 Qd7 15.Ba3 Bxd5
16.Qxd5 Rfd8 17.Rd1

[Event "2 Bundesliga Mitte 2007/2008"]
[Site "Leoben"]
[Date "2008.01.27"]
[Round "7"]
[Board "2"]
[White "Bukal, Vladimir Jun"]
[Black "Konopka, Michal"]
[Result "1/2-1/2"]
[WhiteElo "2441"]
[BlackElo "2433"]
[PlyCount "21"]
[EventDate "2007.10.13"]
[EventType "team"]
[EventRounds "11"]
[EventCountry "AUT"]
[WhiteTeam "SpG Raika Alpine Trofaiach"]
[BlackTeam "SpG VOecklabruck"]

1.d4 d5 2.c4 e6 3.Nc3 Be7 4.Nf3 Nf6 5.cxd5 exd5 6.Bg5 c6 7.Qc2 g6 8.e4 dxe4
9.Bxf6 Bxf6 10.Qxe4+ Qe7 11.Bc4

[Event "2 Bundesliga Mitte 2007/2008"]
[Site "Leoben"]
[Date "2008.01.27"]
[Round "7"]
[Board "3"]
[White "Hirneise, Tobias"]
[Black "Zaja, Ivan"]
[Result "1/2-1/2"]
[WhiteElo "2287"]
[BlackElo "2467"]
[PlyCount "113"]
[EventDate "2007.10.13"]
[EventType "team"]
[EventRounds "11"]
[EventCountry "AUT"]
[WhiteTeam "SpG VOecklabruck"]
[BlackTeam "SpG Raika Alpine Trofaiach"]

1.e4 e6 2.d4 d5 3.Nc3 Bb4 4.e5 c5 5.a3 Ba5 6.b4 cxd4 7.Nb5 Bc7 8.f4 Bd7 9.Nf3
Bxb5 10.Bxb5+ Nc6 11.O-O Nge7 12.Bd3 a6 13.Qe2 Qd7 14.Bd2 Bb6 15.Nh4 g6 16.g4
Bc7 17.a4 h5 18.b5 axb5 19.axb5 Rxa1 20.Rxa1 Nd8 21.Bb4 Bb6 22.Ra8 Qc7 23.f5
hxg4 24.Bd6 Qc3 25.fxg6 Nxg6 26.Nxg6 fxg6 27.Qf2 Kd7 28.Be7 Bc5 29.Rxd8+ Rxd8
30.Bxd8 Kxd8 31.Qf6+ Kd7 32.Kg2 Qd2+ 33.Qf2 Qxf2+ 34.Kxf2 Bf8 35.Kg3 Bg7 36.Kxg4
Bxe5 37.h4 Bg7 38.Kg5 e5 39.Kxg6 Bh8 40.h5 e4 41.Bf1 Ke6 42.Kg5 Ke5 43.Kg4 Bg7
44.Kg3 b6 45.Kf2 Kd6 46.Bh3 Kc5 47.Be6 Kc4 48.Ke1 Bh6 49.Kd1 Bg5 50.Bf7 e3
51.Bg6 Kxb5 52.Bd3+ Kb4 53.Ke2 Ka4 54.Bh7 Kb4 55.Bd3 b5 56.Bg6 Kc3 57.Bd3

[Event "2 Bundesliga Mitte 2007/2008"]
[Site "Leoben"]
[Date "2008.01.27"]
[Round "7"]
[Board "4"]
[White "Izsak, Gyula"]
[Black "Ennsberger, Ulrich"]
[Result "1/2-1/2"]
[WhiteElo "2427"]
[BlackElo "2284"]
[PlyCount "80"]
[EventDate "2007.10.13"]
[EventType "team"]
[EventRounds "11"]
[EventCountry "AUT"]
[WhiteTeam "SpG Raika Alpine Trofaiach"]
[BlackTeam "SpG VOecklabruck"]

1.d4 Nf6 2.Nf3 c5 3.dxc5 e6 4.c4 Bxc5 5.Nc3 Nc6 6.a3 d5 7.e3 a6 8.b4 Ba7 9.Bb2
O-O 10.Qc2 Qe7 11.Rd1 Rd8 12.Be2 dxc4 13.Bxc4 Rxd1+ 14.Nxd1 b5 15.Bd3 Bb7
16.Bxf6 gxf6 17.Bxh7+ Kg7 18.Be4 a5 19.Bxc6 Rc8 20.Qe4 Rxc6 21.Qg4+ Kf8 22.O-O
axb4 23.axb4 Rc4 24.Nd4 Qxb4 25.Qg3 e5 26.Nf3 Rc1 27.Nh4 Qb1 28.Qg4 Be4 29.h3
Qd3 30.Re1 b4 31.Kh2 Rc2 32.f3 Bg6 33.Qxb4+ Bc5 34.Nxg6+ Qxg6 35.Qg4 f5 36.Qxg6
fxg6 37.Kg1 Kf7 38.Nf2 Rc3 39.Kf1 Rxe3 40.Rxe3 Bxe3

[Event "2 Bundesliga Mitte 2007/2008"]
[Site "Leoben"]
[Date "2008.01.27"]
[Round "7"]
[Board "5"]
[White "Gneiss, Karl"]
[Black "Mitter, Gerd"]
[Result "1-0"]
[WhiteElo "2119"]
[BlackElo "2185"]
[PlyCount "45"]
[EventDate "2007.10.13"]
[EventType "team"]
[EventRounds "11"]
[EventCountry "AUT"]
[WhiteTeam "SpG VOecklabruck"]
[BlackTeam "SpG Raika Alpine Trofaiach"]

1.e4 c5 2.c3 d5 3.exd5 Qxd5 4.d4 Nf6 5.Nf3 Bg4 6.Be2 e6 7.O-O Nc6 8.Be3 cxd4
9.cxd4 Bb4 10.Nc3 Qd6 11.h3 Bh5 12.Qb3 O-O 13.a3 Ba5 14.Rfd1 Rfd8 15.Rac1 Rd7
16.Ne5 Bxe2 17.Nxd7 Bxc3 18.Qxb7 Rd8 19.Nxf6+ gxf6 20.Rxc3 Bxd1 21.Rxc6 Qd5
22.Bh6 Qxd4 23.Rc8

[Event "2 Bundesliga Mitte 2007/2008"]
[Site "Leoben"]
[Date "2008.01.27"]
[Round "7"]
[Board "6"]
[White "Spirk, Stefan"]
[Black "Mittendorfer, Josef"]
[Result "1-0"]
[WhiteElo "2130"]
[BlackElo "2113"]
[PlyCount "77"]
[EventDate "2007.10.13"]
[EventType "team"]
[EventRounds "11"]
[EventCountry "AUT"]
[WhiteTeam "SpG Raika Alpine Trofaiach"]
[BlackTeam "SpG VOecklabruck"]

1.c4 e6 2.g3 d5 3.Bg2 Nf6 4.Nf3 Be7 5.O-O O-O 6.d4 c5 7.Nc3 dxc4 8.dxc5 Bxc5
9.Qxd8 Rxd8 10.Ne5 Nd5 11.Rd1 Be7 12.Nxd5 exd5 13.Rxd5 Nc6 14.Nxc6 bxc6 15.Rxd8+
Bxd8 16.Bf4 Be6 17.Be5 Rc8 18.Rd1 Be7 19.h3 f6 20.Bc3 Kf7 21.e4 Rd8 22.Rxd8 Bxd8
23.f4 Bb6+ 24.Kf1 g6? 25.Ke2 h5 26.h4 Bg1 27.Bf3 Ke7 28.f5 gxf5 29.exf5 Bxf5
30.Bxh5 c5 31.Kf3 Bc2 32.Kf4 Ke6 33.Bf3 Bd4 34.h5 Bh7 35.g4 Bg1 36.Be4 Bh2+
37.Kf3 f5 38.gxf5+ Bxf5 39.h6

[Event "2 Bundesliga Mitte 2007/2008"]
[Site "Leoben"]
[Date "2008.01.27"]
[Round "7"]
[Board "1"]
[White "Mihalcisin, Adrian"]
[Black "Haba, Petr"]
[Result "1/2-1/2"]
[WhiteElo "2525"]
[BlackElo "2525"]
[PlyCount "27"]
[EventDate "2007.10.13"]
[EventType "team"]
[EventRounds "11"]
[EventCountry "AUT"]
[WhiteTeam "SK Leoben"]
[BlackTeam "SC Ansfelden 2"]

1.d4 d5 2.c4 c6 3.Nf3 Nf6 4.e3 e6 5.Bd3 Nbd7 6.Nbd2 Bd6 7.O-O O-O 8.e4 e5 9.cxd5
cxd5 10.exd5 exd4 11.Ne4 Nxe4 12.Bxe4 Nf6 13.Qxd4 Nxe4 14.Qxe4

[Event "2 Bundesliga Mitte 2007/2008"]
[Site "Leoben"]
[Date "2008.01.27"]
[Round "7"]
[Board "2"]
[White "Farago, Ivan"]
[Black "Horvath, Peter"]
[Result "1/2-1/2"]
[WhiteElo "2504"]
[BlackElo "2469"]
[PlyCount "20"]
[EventDate "2007.10.13"]
[EventType "team"]
[EventRounds "11"]
[EventCountry "AUT"]
[WhiteTeam "SC Ansfelden 2"]
[BlackTeam "SK Leoben"]

1.d4 d5 2.c4 c6 3.Nc3 Nf6 4.cxd5 cxd5 5.Bf4 a6 6.Nf3 e6 7.e3 Bd6 8.Bxd6 Qxd6
9.Bd3 Nc6 10.O-O O-O

[Event "2 Bundesliga Mitte 2007/2008"]
[Site "Leoben"]
[Date "2008.01.27"]
[Round "7"]
[Board "3"]
[White "Bokros, Albert"]
[Black "Hellmayr, Alois"]
[Result "1-0"]
[WhiteElo "2445"]
[BlackElo "2320"]
[PlyCount "63"]
[EventDate "2007.10.13"]
[EventType "team"]
[EventRounds "11"]
[EventCountry "AUT"]
[WhiteTeam "SK Leoben"]
[BlackTeam "SC Ansfelden 2"]

1.e4 c5 2.Nf3 e6 3.d3 d5 4.Qe2 Nf6 5.g3 dxe4 6.dxe4 b6 7.Bg2 Ba6 8.c4 Nc6 9.e5
Nd7 10.O-O Qc7 11.Bf4 h6 12.h4 Bb7 13.Nc3 a6 14.Rfd1 O-O-O 15.a3 Be7 16.Nd5 Qb8
17.b4 Rhe8 18.Nxe7+ Nxe7 19.bxc5 Nxc5 20.Rd6 Kc7 21.Rb1 Nc8 22.Qe3 Qa7 23.Rdxb6
Qxb6 24.Rxb6 Kxb6 25.Qc3 Ne4 26.Be3+ Kc7 27.Qa5+ Kb8 28.Nd4 Rd7 29.c5 Rxd4
30.Bxd4 Na7 31.c6 Nxc6 32.Qb6

[Event "2 Bundesliga Mitte 2007/2008"]
[Site "Leoben"]
[Date "2008.01.27"]
[Round "7"]
[Board "4"]
[White "Rumpl, Erwin"]
[Black "Dietmayer Kraeutler, Marco"]
[Result "1/2-1/2"]
[WhiteElo "2333"]
[BlackElo "2325"]
[PlyCount "135"]
[EventDate "2007.10.13"]
[EventType "team"]
[EventRounds "11"]
[EventCountry "AUT"]
[WhiteTeam "SC Ansfelden 2"]
[BlackTeam "SK Leoben"]

1.Nf3 d5 2.g3 Nf6 3.Bg2 e6 4.O-O b6 5.b3 Bb7 6.Bb2 Be7 7.c4 O-O 8.e3 c5 9.Nc3
dxc4 10.bxc4 Nc6 11.d3 a6 12.Qe2 Qc7 13.Rfd1 Rfd8 14.Ne1 Na5 15.f4 Bxg2 16.Qxg2
Rab8 17.a4 Nc6 18.g4 Nb4 19.g5 Ne8 20.Ne4 Nd6 21.Be5 Qc6 22.Nxd6 Qxg2+ 23.Kxg2
Bxd6 24.Bxd6 Rxd6 25.Kf3 h6 26.gxh6 g6 27.Ke2 Rbd8 28.Rab1 Kh7 29.Rb3 Kxh6
30.Nf3 f6 31.d4 a5 32.Rd2 cxd4 33.Rxd4 Kh5 34.h3? Rxd4 35.exd4 Rc8 36.Rc3 g5
37.fxg5 fxg5 38.Ne5 Kh4? 39.Re3 Nc2 40.Rd3 Nb4 41.Rc3 Rd8 42.Nf3+ Kxh3 43.Nxg5+
Kg4 44.Nxe6 Rh8 45.d5 Kf5 46.Re3 Rh2+ 47.Kd1 Rh4 48.Rc3 Ke5 49.Nc7 Kd6 50.Nb5+
Kc5 51.d6 Rxc4 52.Rh3 Nc6 53.Rh5+ Kb4 54.Kd2 Kxa4 55.Nc3+ Kb3 56.Rb5+ Rb4 57.Rd5
Kc4 58.Kc2 Rb3 59.Rd3 Nb4+ 60.Kd2 Rb2+ 61.Ke3 Nxd3 62.d7 Nc5 63.d8=Q Kxc3
64.Qf6+ Kc2 65.Qg6+ Kc1 66.Qg1+ Kc2 67.Qg6+ Kc3 68.Qf6+

[Event "2 Bundesliga Mitte 2007/2008"]
[Site "Leoben"]
[Date "2008.01.27"]
[Round "7"]
[Board "5"]
[White "Benda, Herbert"]
[Black "Mittermayr, Gerhard"]
[Result "1/2-1/2"]
[WhiteElo "2274"]
[BlackElo "2129"]
[PlyCount "35"]
[EventDate "2007.10.13"]
[EventType "team"]
[EventRounds "11"]
[EventCountry "AUT"]
[WhiteTeam "SK Leoben"]
[BlackTeam "SC Ansfelden 2"]

1.e4 e6 2.d4 d5 3.Nc3 Nf6 4.Bg5 Be7 5.e5 Nfd7 6.Bxe7 Qxe7 7.f4 a6 8.Nf3 c5
9.dxc5 Nxc5 10.Bd3 b5 11.Ne2 Bb7 12.Ned4 Ne4 13.O-O O-O 14.Kh1 f5 15.Qe1 Nd7
16.a3 Nb6 17.b3 Rfe8 18.Qb4

[Event "2 Bundesliga Mitte 2007/2008"]
[Site "Leoben"]
[Date "2008.01.27"]
[Round "7"]
[Board "6"]
[White "Simic, Milan"]
[Black "Sandner, Wolfgang"]
[Result "1-0"]
[WhiteElo "2140"]
[BlackElo "2225"]
[PlyCount "63"]
[EventDate "2007.10.13"]
[EventType "team"]
[EventRounds "11"]
[EventCountry "AUT"]
[WhiteTeam "SC Ansfelden 2"]
[BlackTeam "SK Leoben"]

1.d4 f5 2.c4 Nf6 3.g3 g6 4.Bg2 Bg7 5.Nc3 d6 6.Nf3 O-O 7.O-O Nc6 8.d5 Na5 9.Qd3
c5 10.b3 h6 11.Rb1 Ne4 12.Bb2 Nxc3 13.Bxc3 Bxc3 14.Qxc3 e5 15.dxe6 Bxe6 16.Rbd1
Qc7 17.Qd2 Kg7 18.Qxd6 Qxd6 19.Rxd6 Rfe8 20.Ne5 Rad8 21.Rfd1 Rxd6 22.Rxd6 g5
23.f4 gxf4 24.gxf4 b6 25.Kf2 Re7 26.Bd5 Bxd5 27.cxd5 Nb7 28.Rg6+ Kh7 29.Rc6 Na5
30.Rf6 Kg7 31.Rxf5 Nb7 32.Nc6

[Event "2 Bundesliga Mitte 2007/2008"]
[Site "StVeit"]
[Date "2008.01.27"]
[Round "7"]
[Board "1"]
[White "Tratar, Marko"]
[Black "Vajda, Levente"]
[Result "1/2-1/2"]
[WhiteElo "2502"]
[BlackElo "2564"]
[PlyCount "29"]
[EventDate "2007.10.13"]
[EventType "team"]
[EventRounds "11"]
[EventCountry "AUT"]
[WhiteTeam "Kl Zeitung MPOe Maria Saal"]
[BlackTeam "ZH Technologies Wolfsberg"]

1.Nf3 Nf6 2.c4 g6 3.Nc3 Bg7 4.e4 d6 5.d4 O-O 6.Be2 e5 7.O-O Nc6 8.d5 Ne7 9.Nd2
a5 10.a3 Nd7 11.Rb1 f5 12.b4 Kh8 13.f3 Ng8 14.Qc2 Bh6 15.Nb5

[Event "2 Bundesliga Mitte 2007/2008"]
[Site "StVeit"]
[Date "2008.01.27"]
[Round "7"]
[Board "2"]
[White "Vajda, Albert"]
[Black "Ertl, Johann"]
[Result "1/2-1/2"]
[WhiteElo "2456"]
[BlackElo "2234"]
[PlyCount "50"]
[EventDate "2007.10.13"]
[EventType "team"]
[EventRounds "11"]
[EventCountry "AUT"]
[WhiteTeam "ZH Technologies Wolfsberg"]
[BlackTeam "Kl Zeitung MPOe Maria Saal"]

1.d4 Nf6 2.Nf3 g6 3.c4 Bg7 4.Nc3 O-O 5.e4 d6 6.Be2 e5 7.O-O Nc6 8.d5 Ne7 9.b4
Nh5 10.Re1 a5 11.bxa5 Rxa5 12.a4 Nf4 13.Bf1 Bg4 14.h3 Bxf3 15.Qxf3 f5 16.g3 fxe4
17.Qxe4 Nh5 18.Bd2 Nf5 19.Bg2 Bh6 20.Bxh6 Nxh6 21.Ra2 b6 22.Rb1 Nf5 23.Qe1 Nf6
24.Nb5 Nd7 25.Qd1 Nc5

[Event "2 Bundesliga Mitte 2007/2008"]
[Site "StVeit"]
[Date "2008.01.27"]
[Round "7"]
[Board "3"]
[White "Horvath, Gabor"]
[Black "Mikac, Matjaz"]
[Result "1/2-1/2"]
[WhiteElo "2292"]
[BlackElo "2390"]
[PlyCount "28"]
[EventDate "2007.10.13"]
[EventType "team"]
[EventRounds "11"]
[EventCountry "AUT"]
[WhiteTeam "Kl Zeitung MPOe Maria Saal"]
[BlackTeam "ZH Technologies Wolfsberg"]

1.Nf3 d5 2.g3 c6 3.Bg2 Bg4 4.d3 Nd7 5.O-O Ngf6 6.Nbd2 e5 7.e4 Bd6 8.Qe1 O-O
9.Nh4 Re8 10.h3 Bh5 11.Nf5 Bf8 12.Nf3 dxe4 13.dxe4 Nc5 14.N3h4 a5

[Event "2 Bundesliga Mitte 2007/2008"]
[Site "StVeit"]
[Date "2008.01.27"]
[Round "7"]
[Board "4"]
[White "Wegerer, Fred"]
[Black "Halvax, Georg"]
[Result "0-1"]
[WhiteElo "2266"]
[BlackElo "2059"]
[PlyCount "68"]
[EventDate "2007.10.13"]
[EventType "team"]
[EventRounds "11"]
[EventCountry "AUT"]
[WhiteTeam "ZH Technologies Wolfsberg"]
[BlackTeam "Kl Zeitung MPOe Maria Saal"]

1.Nf3 Nf6 2.g3 d5 3.Bg2 e6 4.O-O Be7 5.d4 O-O 6.Nbd2 c5 7.dxc5 Bxc5 8.a3 a5 9.c4
Nc6 10.cxd5 exd5 11.Nb3 Bb6 12.Nbd4 Re8 13.Be3 Ng4 14.Bg5 f6 15.Bf4 Re4 16.Nb5
Nxf2 17.Rxf2 Bxf2+ 18.Kf1 Bb6 19.Nh4 Re7 20.Bd6 Re8 21.Bxd5+ Be6 22.e4 Nd4
23.Bc7 Bxc7 24.Nxc7 Qxc7 25.Qxd4 Bxd5 26.exd5 Rad8 27.Rd1 Qe5 28.d6 Qxd4 29.Rxd4
Re6 30.d7 Re7 31.Rd5 Rdxd7 32.Nf5 Rf7 33.Rxa5 Rd2 34.Ke1 Rxb2

[Event "2 Bundesliga Mitte 2007/2008"]
[Site "StVeit"]
[Date "2008.01.27"]
[Round "7"]
[Board "5"]
[White "Lako, Laszlo"]
[Black "Pesec, Franz"]
[Result "1/2-1/2"]
[WhiteElo "2178"]
[BlackElo "2231"]
[PlyCount "30"]
[EventDate "2007.10.13"]
[EventType "team"]
[EventRounds "11"]
[EventCountry "AUT"]
[WhiteTeam "Kl Zeitung MPOe Maria Saal"]
[BlackTeam "ZH Technologies Wolfsberg"]

1.d4 Nf6 2.c4 g6 3.Nc3 Bg7 4.e4 d6 5.Be2 O-O 6.Bg5 h6 7.Be3 e5 8.d5 Kh7 9.h4 Ne8
10.h5 g5 11.g4 c5 12.f3 Bf6 13.Nh3 Na6 14.Nf2 Nac7 15.a3 Bd7

[Event "2 Bundesliga Mitte 2007/2008"]
[Site "StVeit"]
[Date "2008.01.27"]
[Round "7"]
[Board "6"]
[White "Toefferl, Heimo"]
[Black "Steiner, Josef"]
[Result "1-0"]
[WhiteElo "2135"]
[BlackElo "2112"]
[PlyCount "65"]
[EventDate "2007.10.13"]
[EventType "team"]
[EventRounds "11"]
[EventCountry "AUT"]
[WhiteTeam "ZH Technologies Wolfsberg"]
[BlackTeam "Kl Zeitung MPOe Maria Saal"]

1.d4 Nf6 2.c4 c5 3.d5 e5 4.Nc3 d6 5.e4 g6 6.f3 Bg7 7.Be3 O-O 8.Qd2 Ne8 9.Bd3 f5
10.Nge2 f4 11.Bf2 g5 12.O-O-O a6 13.Rdg1 g4 14.Kb1 b6 15.Nc1 gxf3 16.gxf3 Bh3
17.Bf1 Bxf1 18.Rxf1 Qd7 19.h4 Rf6 20.h5 Rh6 21.Rfg1 Nf6 22.Bh4 Nxh5 23.Bg5 Rg6
24.Rxh5 h6 25.Qh2 hxg5 26.Rhxg5 Rxg5 27.Rxg5 Ra7 28.Rg6 Qd8 29.Qh3 Re7 30.Qg4
Kf8 31.Nd3 Rf7 32.Nf2 Rf6 33.Rxg7

[Event "2 Bundesliga Mitte 2007/2008"]
[Site "StVeit"]
[Date "2008.01.27"]
[Round "7"]
[Board "1"]
[White "Rogic, Davor"]
[Black "Srienz, Christian"]
[Result "1-0"]
[WhiteElo "2505"]
[BlackElo "2214"]
[PlyCount "77"]
[EventDate "2007.10.13"]
[EventType "team"]
[EventRounds "11"]
[EventCountry "AUT"]
[WhiteTeam "SV ASVOe Raika St Veit/Glan"]
[BlackTeam "ESV ASKOE Admira Villach"]

1.e4 c5 2.Nf3 Nc6 3.d4 cxd4 4.Nxd4 Nf6 5.Nc3 e5 6.Ndb5 d6 7.Bg5 a6 8.Na3 b5
9.Nd5 Be7 10.Nxe7 Nxe7 11.Bd3 Bb7 12.Qe2 Nd7 13.b4 O-O 14.O-O f6 15.Bd2 f5
16.exf5 d5 17.f3 Nxf5 18.c3 Qb6+ 19.Kh1 Rae8 20.Rae1 Qc6 21.Bc2 Nb6 22.Rd1 Kh8
23.Rfe1 Nc8 24.Bb3 Qg6 25.Nc2 d4 26.cxd4 exd4 27.Qf2 d3 28.Nd4 Nxd4 29.Qxd4 Re2
30.Rxe2 dxe2 31.Re1 Re8 32.Bc3 Nd6 33.Bc2 Qh6 34.Kg1 Bd5 35.Bd2 Qe6 36.Bd3 Nf5
37.Qc5 Ne3 38.Rxe2 Rc8 39.Qxe3

[Event "2 Bundesliga Mitte 2007/2008"]
[Site "StVeit"]
[Date "2008.01.27"]
[Round "7"]
[Board "2"]
[White "Hafner, Robert"]
[Black "Neubauer, Martin"]
[Result "1-0"]
[WhiteElo "2132"]
[BlackElo "2453"]
[PlyCount "99"]
[EventDate "2007.10.13"]
[EventType "team"]
[EventRounds "11"]
[EventCountry "AUT"]
[WhiteTeam "ESV ASKOE Admira Villach"]
[BlackTeam "SV ASVOe Raika St Veit/Glan"]

1.d4 Nf6 2.c4 c5 3.d5 e6 4.Nc3 exd5 5.cxd5 d6 6.e4 g6 7.Nf3 a6 8.a4 Bg4 9.Be2
Bxf3 10.Bxf3 Nbd7 11.O-O Bg7 12.Bf4 Qe7 13.Qc2 O-O 14.h3 Rfe8 15.Bh2 c4 16.Rae1
Rac8 17.g4 Nc5 18.Bg2 Nfd7 19.f4 Nd3 20.Re2 Qd8 21.Kh1 Qb6 22.Nd1 Qb3 23.Qxb3
cxb3 24.e5 dxe5 25.d6 exf4 26.Rd2 N7c5 27.Rxd3 Nxd3 28.d7 Red8 29.dxc8=Q Rxc8
30.Bxf4 Nxf4 31.Rxf4 Rc1 32.Rf1 f5 33.gxf5 gxf5 34.Bd5+ Kh8 35.Kg2 b5 36.axb5
axb5 37.Bxb3 Rc5 38.Rf2 Bh6 39.Nc3 Kg7 40.Nd5 Kg6 41.Rc2 Bf8 42.Rxc5 Bxc5 43.Bc2
b4 44.Kf3 Kg5 45.b3 h6 46.Bd3 Bd6 47.Ne3 f4 48.Ng2 Bb8 49.Ke4 Bc7 50.Be2

[Event "2 Bundesliga Mitte 2007/2008"]
[Site "StVeit"]
[Date "2008.01.27"]
[Round "7"]
[Board "3"]
[White "Jurkovic, Hryoje"]
[Black "Neff, Gregor"]
[Result "1-0"]
[WhiteElo "2443"]
[BlackElo "2136"]
[PlyCount "79"]
[EventDate "2007.10.13"]
[EventType "team"]
[EventRounds "11"]
[EventCountry "AUT"]
[WhiteTeam "SV ASVOe Raika St Veit/Glan"]
[BlackTeam "ESV ASKOE Admira Villach"]

1.e4 e6 2.Nc3 d5 3.Nf3 d4 4.Ne2 c5 5.c3 dxc3 6.bxc3 Nf6 7.Ng3 Nc6 8.Be2 h5 9.Qc2
h4 10.Nf1 h3 11.g3 Bd7 12.d3 Rc8 13.N1d2 Qc7 14.O-O e5 15.Nc4 b5 16.Ne3 Be7
17.Bd2 Qd6 18.Qb2 a6 19.a4 O-O 20.axb5 axb5 21.Ra6 Ra8 22.Rfa1 Rxa6 23.Rxa6 Qc7
24.Nd5 Nxd5 25.exd5 Nb8 26.Ra1 Bd6 27.Ng5 Qd8 28.Ne4 Qe7 29.Ra7 Qd8 30.Nxd6 Qb6
31.Rxd7 Nxd7 32.Nxb5 f5 33.c4 f4 34.Bg4 Qf6 35.Be1 fxg3 36.hxg3 h2+ 37.Kxh2 Qh6+
38.Kg2 Nf6 39.Be6+ Kh8 40.Qxe5

[Event "2 Bundesliga Mitte 2007/2008"]
[Site "StVeit"]
[Date "2008.01.27"]
[Round "7"]
[Board "4"]
[White "Frank, Dieter"]
[Black "Hebesberger, Thomas"]
[Result "0-1"]
[WhiteElo "2153"]
[BlackElo "2349"]
[PlyCount "102"]
[EventDate "2007.10.13"]
[EventType "team"]
[EventRounds "11"]
[EventCountry "AUT"]
[WhiteTeam "ESV ASKOE Admira Villach"]
[BlackTeam "SV ASVOe Raika St Veit/Glan"]

1.e4 c5 2.c3 d6 3.d4 Nd7 4.Nf3 e6 5.Bd3 Ngf6 6.O-O Be7 7.Qe2 b6 8.Re1 Bb7 9.Nbd2
Qc7 10.Nf1 h6 11.Ng3 a6 12.d5 e5 13.a4 g6 14.Bd2 Kf8 15.Nh4 Ng8 16.Nf3 Qd8 17.h3
Kg7 18.Nh2 Bg5 19.Bxg5 Qxg5 20.a5 Qd8 21.axb6 Qxb6 22.Ra3 Ngf6 23.Nhf1 h5 24.h4
Ng4 25.Bc4 a5 26.Rea1 Rhb8 27.f3 Nh6 28.Ne3 Bc8 29.R1a2 Qd8 30.Qf2 Nb6 31.Ngf1
f5 32.Bd3 f4 33.Nc4 Nxc4 34.Bxc4 Bd7 35.Nd2 Nf7 36.Bf1 a4 37.Be2 g5 38.g3 Kh6
39.hxg5+ Qxg5 40.g4 hxg4 41.fxg4 Bxg4 42.Bxg4 Qxg4+ 43.Qg2 Rg8 44.Qxg4 Rxg4+
45.Kf2 Rag8 46.Nf3 Ng5 47.Nxg5 R8xg5 48.c4 Rg2+ 49.Kf1 Rg1+ 50.Kf2 R5g2+ 51.Kf3
Rh2

[Event "2 Bundesliga Mitte 2007/2008"]
[Site "StVeit"]
[Date "2008.01.27"]
[Round "7"]
[Board "5"]
[White "Hoelzl, Franz"]
[Black "Hartl, Daniel"]
[Result "1/2-1/2"]
[WhiteElo "2374"]
[BlackElo "2063"]
[PlyCount "76"]
[EventDate "2007.10.13"]
[EventType "team"]
[EventRounds "11"]
[EventCountry "AUT"]
[WhiteTeam "SV ASVOe Raika St Veit/Glan"]
[BlackTeam "ESV ASKOE Admira Villach"]

1.g3 d5 2.Bg2 Nf6 3.f4 c6 4.Nf3 Nbd7 5.O-O e6 6.d3 Bd6 7.Nc3 Ng4 8.e3 e5 9.h3
Ngf6 10.e4 dxe4 11.dxe4 Qc7 12.f5 b5 13.a3 Bb7 14.g4 h6 15.Ne1 a5 16.Ne2 Nb6
17.Ng3 c5 18.h4 O-O-O 19.Bf3 c4 20.Qe2 Bc5+ 21.Kg2 Qc6 22.g5 hxg5 23.hxg5 Nfd7
24.Bg4 Kb8 25.Nf3 Bd4 26.Nxd4 exd4 27.Bf4+ Ka7 28.Bf3 Nc5 29.Qe1 Ka6 30.Rd1 d3
31.c3 g6 32.f6 Ne6 33.Be3 Qc7 34.Bg4 Qe5 35.Bxb6 Kxb6 36.Bxe6 Qxe6 37.Qe3+ Ka6
38.Rh1 Qe5

[Event "2 Bundesliga Mitte 2007/2008"]
[Site "StVeit"]
[Date "2008.01.27"]
[Round "7"]
[Board "6"]
[White "Bartl, Ulf"]
[Black "Mazi, Leon"]
[Result "0-1"]
[WhiteElo "2071"]
[BlackElo "2348"]
[PlyCount "102"]
[EventDate "2007.10.13"]
[EventType "team"]
[EventRounds "11"]
[EventCountry "AUT"]
[WhiteTeam "ESV ASKOE Admira Villach"]
[BlackTeam "SV ASVOe Raika St Veit/Glan"]

1.d4 Nf6 2.c4 d6 3.Nc3 e5 4.d5 g6 5.e4 Bg7 6.h3 O-O 7.Be3 Na6 8.Nge2 Nc5 9.Qc2
a5 10.g4 Ne8 11.Ng3 Bf6 12.Qd2 Bh4 13.Rg1 f6 14.O-O-O Bd7 15.Kb1 Kh8 16.Be2 Qe7
17.Ka1 a4 18.f3 Ng7 19.Bxc5 dxc5 20.d6 cxd6 21.Qxd6 Qxd6 22.Rxd6 Bc6 23.Nh1 Ne8
24.Rdd1 Nc7 25.Rd6 Bg5 26.Ng3 Be3 27.Rgd1 Bd4 28.Nb5 Bxb5 29.cxb5 a3 30.b6 Na6
31.Bxa6 Rxa6 32.Ne2 Bxb2+ 33.Kb1 Kg7 34.R1d5 Bd4 35.Nxd4 cxd4 36.Rd7+ Rf7
37.Rxf7+ Kxf7 38.Rd7+ Ke6 39.Rxb7 Kd6 40.h4 Kc5 41.Kc1 Rxb6 42.Ra7 Rb2 43.Rxa3
Rf2 44.Ra7 d3 45.Rd7 Kc4 46.Rxh7 Rxa2 47.h5 gxh5 48.gxh5 Kd4 49.Rd7+ Ke3 50.h6
Rc2+ 51.Kb1 Rc8

[Event "2 Bundesliga Mitte 2007/2008"]
[Site "Frauental"]
[Date "2008.01.27"]
[Round "7"]
[Board "1"]
[White "Diermair, Andreas"]
[Black "Pinter, Jozsef"]
[Result "1/2-1/2"]
[WhiteElo "2363"]
[BlackElo "2533"]
[PlyCount "55"]
[EventDate "2007.10.13"]
[EventType "team"]
[EventRounds "11"]
[EventCountry "AUT"]
[WhiteTeam "SV Frauental"]
[BlackTeam "SK Sparkasse Fuerstenfeld"]

1.e4 e5 2.Nf3 Nc6 3.Bb5 a6 4.Ba4 Nf6 5.O-O Be7 6.Re1 b5 7.Bb3 O-O 8.c3 d6 9.h3
Na5 10.Bc2 c5 11.d4 Qc7 12.Nbd2 Rd8 13.b3 Bd7 14.Nf1 Rac8 15.Ne3 Bf8 16.d5 g6
17.Nh4 Re8 18.g4 Qd8 19.Nhg2 Kh8 20.Qf3 Bg7 21.Bd2 Ng8 22.h4 f6 23.Qg3 Nh6
24.Re2 Nf7 25.Rf1 Qe7 26.f3 Bh6 27.Ref2 Rf8 28.Kh1

[Event "2 Bundesliga Mitte 2007/2008"]
[Site "Frauental"]
[Date "2008.01.27"]
[Round "7"]
[Board "2"]
[White "Kuba, Guenter"]
[Black "Cigan, Stefan"]
[Result "0-1"]
[WhiteElo "2396"]
[BlackElo "2367"]
[PlyCount "70"]
[EventDate "2007.10.13"]
[EventType "team"]
[EventRounds "11"]
[EventCountry "AUT"]
[WhiteTeam "SK Sparkasse Fuerstenfeld"]
[BlackTeam "SV Frauental"]

1.e4 e6 2.d4 d5 3.Nd2 c5 4.exd5 Qxd5 5.Ngf3 cxd4 6.Bc4 Qd6 7.O-O Nf6 8.Nb3 Nc6
9.Nbxd4 Nxd4 10.Nxd4 a6 11.Bb3 Bd7 12.Bg5 O-O-O 13.c3 Qc7 14.Bxf6 gxf6 15.Qh5
Be8 16.Rad1 Bd6 17.Qh6 Rg8 18.Rfe1 Rg6 19.Qxh7 Qc5 20.Qh3 Bd7 21.Bc2 f5 22.b4
Qc7 23.Bd3 Bf4 24.g3 Rh6 25.Qg2 Rdh8 26.c4 Rxh2 27.Qxh2 Rxh2 28.Kxh2 Be5 29.Ne2
Qb6 30.c5 Qxb4 31.Ng1 Qh4+ 32.Nh3 Qh8 33.Bf1 Bc3 34.Re3 Ba4 35.Rd6 Bd4

[Event "2 Bundesliga Mitte 2007/2008"]
[Site "Frauental"]
[Date "2008.01.27"]
[Round "7"]
[Board "3"]
[White "Schnider, Gert"]
[Black "Wach, Markus"]
[Result "1/2-1/2"]
[WhiteElo "2273"]
[BlackElo "2386"]
[PlyCount "29"]
[EventDate "2007.10.13"]
[EventType "team"]
[EventRounds "11"]
[EventCountry "AUT"]
[WhiteTeam "SV Frauental"]
[BlackTeam "SK Sparkasse Fuerstenfeld"]

1.c4 Nf6 2.d4 c5 3.d5 b5 4.Nf3 bxc4 5.Nc3 g6 6.e4 d6 7.Bxc4 Bg7 8.e5 dxe5 9.Nxe5
O-O 10.O-O Bb7 11.Re1 Ne8 12.Bg5 Bf6 13.Bh6 Bg7 14.Bg5 Bf6 15.Bh6